| 000 | 00820nam 22002173 4500 | ||
|---|---|---|---|
| 001 | 201214 | ||
| 021 |
_aPT _b18523 |
||
| 090 | _a201214 | ||
| 100 | _a20260312d u||y0pory50 ba | ||
| 200 |
_aJogos tradicionais praticados nas feiras : cenas de arraial na obra de Pieter Bruegel, o Velho _fRoland Renson e Erick de Vroede _gtradução Manuela Abreu |
||
| 210 |
_aLisboa _cDirecção-Geral dos Desportos _d1988 |
||
| 215 |
_a25, [3] p. _cbrochado _d21 cm |
||
| 225 |
_aDesporto e sociedade _eantologia de textos _h94 |
||
| 606 |
_914416 _aDivertimentos públicos. Espetáculos. Cinema.Teatro. Dança. Jogos de mesa. Desportos |
||
| 675 |
_a79 _vPT _zpor |
||
| 700 |
_916821 _aRenson _bRoland |
||
| 701 |
_916823 _aVroede _bErick de |
||
| 702 |
_916824 _aAbreu _bManuela |
||
| 801 |
_aPT _bBMMN _gRPC |
||
| 830 | _cVanda | ||
| 990 | _cLIVROS | ||